Statistics for Every English Football Team's Nicknames

Click here to take the quiz!

General Stats

  • This quiz has been taken 6,466 times
  • The average score is 44 of 92

Answer Stats

HintAnswer% Correct
Queens Park RangersThe Hoops
99%
ArsenalThe Gunners
96%
EvertonThe Toffees
92%
ChelseaThe Blues
90%
Manchester UnitedThe Red Devils
90%
Birmingham CityThe Blues
89%
LiverpoolThe Reds
87%
Crawley TownThe Red Devils
86%
Tottenham HotspurSpurs
84%
West Hame UnitedThe Hammers
81%
Aston VillaThe Villains
77%
Newcastle UnitedThe Magpies
76%
SwanseaThe Swans
75%
Hull CityThe Tigers
75%
Norwich CityThe Canaries
71%
Manchester CityThe Citizens
71%
Wolverhampton WanderersThe Wolves
71%
Leicester CityThe Foxes
70%
SouthamptonThe Saints
68%
Brighton & Hove AlbionThe Seagulls
68%
Crystal PalaceThe Eagles
67%
Notts CountyThe Magpies
66%
MillwallThe Lions
65%
Sheffield WednesdayThe Owls
65%
Leeds UnitedThe Whites
65%
West Bromwich AlbionThe Baggies
64%
Stoke CityThe Potters
64%
Derby CountyThe Rams
64%
Milton Keynes DonsThe Dons
60%
Torquay UnitedThe Gulls
59%
Preston North EndThe Lilywhites
58%
Doncaster RoversThe Rovers
58%
Sheffield UnitedThe Blades
57%
CardiffThe Bluebirds
57%
FulhamThe Cottagers
57%
Blackburn RoversThe Rovers
57%
SunderlandThe Black Cats
56%
BlackpoolThe Tangerines
56%
Nottingham ForestThe Foresters
54%
Bolton WanderersThe Trotters
52%
BrentfordThe Bees
50%
WatfordThe Hornets
49%
MiddlesbroughThe Smoggies
48%
Leyton OrientThe Orient
47%
StevenageThe Boro
46%
BournemouthThe Cherries
46%
Conventry CityThe Sky Blues
46%
Ipswich TownThe Tractor Boys
46%
PortsmouthPompey
42%
BurnleyThe Clarets
41%
Scunthorpe UnitedThe Iron
40%
Peterborough UnitedThe Posh
40%
Southend UnitedThe Shrimpers
40%
Port ValeThe Valiants
39%
Wigan AthleticThe Latics
37%
Oldham AthleticThe Latics
37%
Hartlepool UnitedThe Monkey Hangers
37%
ReadingThe Royals
37%
Huddersfield TownThe Terriers
35%
GillinghamThe Gills
34%
Crewe AlexandraThe Railwaymen
34%
Cheltenham TownThe Robins
34%
Swindon TownThe Robins
34%
Bristol CityThe Robins
34%
Mansfield TownThe Stags
34%
Oxford UnitedThe Yellows
33%
Bristol RoversThe Pirates
32%
Accrington StanleyStanley
31%
Dagenham & RedbridgeThe Daggers
30%
Bradford CityThe Bantams
29%
Northampton TownThe Cobblers
28%
Burton AlbionThe Brewers
27%
Charlton AthleticThe Addicks
26%
MorecambeThe Shrimps
26%
BarnsleyThe Tykes
26%
RochdaleThe Dale
25%
Rotherham UnitedThe Millers
25%
Shrewsbury TownThe Salop
23%
Colchester UnitedThe U's
21%
ChesterfieldThe Spireites
20%
AFC WimbledonThe Wombles
20%
Plymouth ArgyleThe Pilgrims
18%
York CityMinstermen
16%
Wycombe WanderersThe Chairboys
16%
WalsallThe Saddlers
16%
Newport CountyThe Exiles
15%
Yeovil TownThe Glovers
15%
Exeter CityThe Grecians
15%
Fleetwood TownThe Cod Army
14%
BuryThe Shakers
13%
Carlisle UnitedThe Cumbrians
11%
Tranmere RoversThe Superwhites
5%

Score Distribution

Percentile by Number Answered

Percent of People with Each Score

Your Score History

You have not taken this quiz